000 00420nam a2200157Ia 4500
005 20250613011911.0
008 240331s9999 xx 000 0 und d
020 _a9558610054
082 _bWAR
_a306
100 _aWERC
245 0 _aVarthamana Lankawe :
_bkantha prathirupa
260 _aColombo
_bWomen's Education Centre
_c2002
300 _a74 p ., (C 2)
500 _aCurrent Issues and Sri Lankan Women
942 _cL
999 _c2134
_d2134